Вопросы клинической нейрокардиологии (Запись № 3756761)

Подробности
000 -МАРКЕР
контрольное поле 01815nas1a22003131i 4500
001 - ИДЕНТИФИКАТОР ЗАПИСИ
контрольное поле RU\NLR\INFOCOMM15\1000060114
005 - ИДЕНТИФИКАТОР ВЕРСИИ
контрольное поле 20260407120210.0
035 ## - ДРУГИЕ СИСТЕМНЫЕ НОМЕРА
Идентификатор записи (NLR Aleph) 002637519
100 ## - ДАННЫЕ ОБЩЕЙ ОБРАБОТКИ
Данные общей обработки 20040120c1971 |||y0rusy50 ca
101 0# - ЯЗЫК РЕСУРСА
Язык текста, звукозаписи и т.д. русский
102 ## - СТРАНА ПУБЛИКАЦИИ ИЛИ ПРОИЗВОДСТВА
Страна публикации Российская Федерация
110 ## - ПОЛЕ КОДИРОВАННЫХ ДАННЫХ: ПРОДОЛЖАЮЩИЕСЯ РЕСУРСЫ
Кодированные данные продолжающегося ресурса zyu||||0|y0
200 1# - ЗАГЛАВИЕ И СВЕДЕНИЯ ОБ ОТВЕТСТВЕННОСТИ
Основное заглавие Вопросы клинической нейрокардиологии
Сведения, относящиеся к заглавию Сб. науч. тр.
Первые сведения об ответственности Ленингр. ин-т усоверш. врачей им. С.М. Кирова
210 ## - ПУБЛИКАЦИЯ, РАСПРОСТРАНЕНИЕ И ДР.
Место издания, распространения и т.д. Л.
Дата издания, распространения и т.д. 1971-
311 ## - ПРИМЕЧАНИЯ, ОТНОСЯЩИЕСЯ К ПОЛЯМ СВЯЗИ (ПРИМЕЧАНИЯ О СВЯЗИ С ДРУГИМИ ПРОИЗВЕДЕНИЯМИ (ИЗДАНИЯМИ))
Текст примечания Вып. 2 явл. разд. 4 изд. "Патология сердечно-сосудистой системы" (М., 1977, с.99-149)( ш. 78-3/3169)
488 #1 - ДРУГИЕ ВЗАИМОСВЯЗАННЫЕ ПРОИЗВЕДЕНИЯ (ДОКУМЕНТЫ)
Встроенное поле 2001#$aПатология сердечно-сосудистой системы
-- 210##$aМ.$d1977
-- 852##$aNLR$j78-3/3169
Заглавие Патология сердечно-сосудистой системы
712 02 - НАИМЕНОВАНИЕ ОРГАНИЗАЦИИ - ВТОРИЧНАЯ ОТВЕТСТВЕННОСТЬ
Код отношения Прочие
Начальный элемент ввода Ленинградский институт усовершенствования врачей им. С. М. Кирова
Идентификатор авторитетной/нормативной записи RU\NLR\AUTH\889950603
Системный номер авторитетной/нормативной записи 397014
801 #1 - ИСТОЧНИК ЗАПИСИ
Страна Российская Федерация
Организация InfoComm
Дата составления 20040120
801 #0 - ИСТОЧНИК ЗАПИСИ
Страна Российская Федерация
Организация NLR
Правила каталогизации PSBO
852 ## - МЕСТОНАХОЖДЕНИЕ И ШИФР ХРАНЕНИЯ
Идентификатор организации NLR
Шифр хранения (Call Number) П16/1486
Публикуемое примечание с вып. 3
942 ## - ДОПОЛНИТЕЛЬНЫЕ ЭЛЕМЕНТЫ ЗАПИСИ (АБИС)
Тип экземпляра АБИС Продолжающееся издание
980 ## - КОЛЛЕКЦИЯ
Название коллекции Русская периодика

Нет доступных экземпляров.